| 000 | 01949cam a22001814a 4500 | ||
|---|---|---|---|
| 005 | 20250605164401.0 | ||
| 008 | 250528s ||||||||||||||||||||||||d | ||
| 035 | _a24601 | ||
| 040 |
_aGR-AtMCL _bgre _dGR-AtMCL _eAACR2 |
||
| 245 | 1 | _aΔιατροφή και Σκλήρυνση κατά Πλάκας (M. S.) / Πολλαπλή Σκλήρυνση | |
| 260 |
_aΑθήνα _bΒήτα, _c2008 |
||
| 300 | _a168 | ||
| 520 | _aΤο βιβλίο απευθύνεται σε επιστήμονες - νευρολόγους, διαιτολόγους κ.λ.π., - σε πάσχοντες και στους συγγενείς τους, αλλά και σε άτομα που απλά και μόνο ενδιαφέρονται για την πρόληψη της νόσου. Πρόλογος, Η Σκλήρυνση κατά Πλάκας, Επιδημιολογία της Σκλήρυνσης κατά Πλάκας, Η Διατροφή ως Αιτιολογικός Παράγοντας στη Σκλήρυνση κατά Πλάκας, Διαφημισμένες Δίαιτες που Έχουν Προταθεί για την Αντιμετώπιση της Σκλήρυνσης κατά Πλάκας, Η Διατροφή στην Αντιμετώπιση της Σκλήρυνσης κατά Πλάκας, Τα Συμπτώματα της Σκλήρυνσης κατά Πλάκας και η Αντιμετώπιση τους, Ειδικά Θέματα, Η Διατροφική Παρέμβαση στον Ασθενή με Σκλήρυνση κατά Πλάκας και Σημεία που Πρέπει να Προσεχθούν, Γενικές Πληροφορίες και Εταιρίες για τη Σκλήρυνση κατά Πλάκας σε Ελληνικό και Παγκόσμιο Επίπεδο, Περίληψη, Βιβλιογραφία. | ||
| 700 | 1 |
_aΓρηγοράκης Δ _99492 |
|
| 942 | _cBK | ||
| 999 |
_c9471 _d9471 |
||